[Event "Manizales Feria op 29th"]
[Site "Manizales"]
[Date "2024.01.07"]
[Round "5"]
[White "Gamboa Carvajal, Oscar Eduardo"]
[Black "Cardona Garces, Sofia Marieth"]
[Result "1-0"]
[WhiteElo "1600"]
[BlackElo "1258"]
[PlyCount "73"]
[EventDate "2024.01.05"]
[EventType "swiss"]
[EventRounds "7"]
[EventCountry "COL"]
[SourceTitle "CBM 218 Extra"]
[Source "ChessBase"]
[SourceDate "2024.03.31"]
[SourceVersion "1"]
[SourceVersionDate "2024.03.31"]
[SourceQuality "1"]

1. d4 Nf6 2. Bg5 h6 3. Bh4 g5 4. Bg3 Nc6 5. e3 e6 6. Bd3 Bg7 7. Nf3 0-0 8. Nbd2 d5 9. 0-0 Bd7 10. h4 g4 11. Ne5 Nxe5 12. Bxe5 a6 13. Qe2 Bb5 14. c4 dxc4 15. Ne4 cxd3 16. Nxf6+ Bxf6 17. Qxg4+ Bg5 18. hxg5 hxg5 19. d5 f6 20. Bc3 f5 21. Qh3 exd5 22. Qh8+ Kf7 23. Qh7+ Ke6 24. Qg6+ Kd7 25. Rad1 c5 26. Be5 Qe7 27. f4 Rg8 28. Qxf5+ Ke8 29. Rf3 g4 30. Rg3 Bd7 31. Qh5+ Kd8 32. Rxd3 c4 33. Rxd5 Qe6 34. e4 Qb6+ 35. Bd4 Qb4 36. Qh7 Qe1+ 37. Kh2 1-0

[Event "Manizales Feria op 29th"]
[Site "Manizales"]
[Date "2024.01.05"]
[Round "1"]
[White "Triana Castro, Francisco Javier"]
[Black "Gamboa Carvajal, Oscar Eduardo"]
[Result "1-0"]
[WhiteElo "1593"]
[BlackElo "1600"]
[PlyCount "36"]
[EventDate "2024.01.05"]
[EventType "swiss"]
[EventRounds "7"]
[EventCountry "COL"]
[SourceTitle "CBM 218 Extra"]
[Source "ChessBase"]
[SourceDate "2024.03.31"]
[SourceVersion "1"]
[SourceVersionDate "2024.03.31"]
[SourceQuality "1"]

1. b4 e5 2. Bb2 Nc6 3. b5 Nd4 4. e3 Nxb5 5. Bxb5 a6 6. Ba4 b5 7. Bb3 Nf6 8. Bxe5 Ne4 9. Qf3 Ng5 10. Qxa8 c6 11. f4 Ne4 12. Nf3 Bb4 13. c3 Be7 14. d3 Nc5 15. Bc2 Qa5 16. Nbd2 f6 17. Bd4 Qa3 18. 0-0 0-0 1-0